|
|
|
|
| LEADER |
00000nam0a2200000 4500 |
| 001 |
302929 |
| 005 |
20231102001543.0 |
| 035 |
|
|
|a (RuTPU)RU\TPU\book\328146
|
| 090 |
|
|
|a 302929
|
| 100 |
|
|
|a 20150827d1982 m y0rusy5003 ca
|
| 101 |
0 |
|
|a rus
|
| 102 |
|
|
|a RU
|
| 105 |
|
|
|a a z 001zy
|
| 200 |
1 |
|
|a Идейно-воспитательная и общественно-политическая работа в ССО
|f Колосов Ю. П.
|
| 210 |
|
|
|a Казань
|c Изд-во Казан. ун-та
|d 1982
|
| 215 |
|
|
|a 120 с.
|c ил.
|
| 320 |
|
|
|a Библиогр.: с. 107-109
|
| 606 |
1 |
|
|a Идеологическая работа ВЛКСМ
|2 stltpush
|3 (RuTPU)RU\TPU\subj\12183
|9 39015
|
| 610 |
1 |
|
|a комсомольские организации
|
| 610 |
1 |
|
|a студенческие строительные отряды
|
| 610 |
1 |
|
|a Татарская АССР
|
| 610 |
1 |
|
|a идейно-воспитательная работа
|
| 610 |
1 |
|
|a общественно-политическая деятельность
|
| 610 |
1 |
|
|a студенты
|
| 610 |
1 |
|
|a история
|
| 686 |
|
|
|a Ф75(2)15
|v LBC/SL-A
|2 rubbk
|
| 700 |
|
1 |
|a Колосов
|b Ю. П.
|g Юрий Петрович
|4 070
|
| 801 |
|
0 |
|a RU
|b RuMRKP
|c 19950704
|g psbo
|
| 801 |
|
1 |
|a RU
|b 63413507
|c 20150827
|
| 801 |
|
2 |
|a RU
|b 63413507
|c 20170815
|g RCR
|
| 942 |
|
|
|c BK
|